The last rain forests : (Registro nro. 814)

Detalles MARC
000 -CABECERA
Campo de control 00888cam a2200253 a 4500
005 - FECHA Y HORA DE LA ULTIMA TRANSACCION
Campo de control 20160727164404.0
008 - ELEMENTOS DE LONGITUD FIJA—INFORMACION GENERAL
Campo de control 901212s19951990uk ao r 001 0 eeng
020 ## - ISBN
ISBN 185732756X
040 ## - FUENTE DE CATALOGACIÓN
Agencia catalogadora original DLC
Agencia transcriptora DLC
Agencia Modificadora DLC
041 0# - IDIOMA
Código de idioma para texto/pista de sonido o título separado Español
044 ## - PAÍS DE PUBLICACIÓN
País de publicación Colombia
082 04 - NUMERO DE CLASIFICACION DECIMAL DEWEY
Número de clasificación 577.34
Número del ítem L34r
245 04 - MENCION DE TITULO
Título The last rain forests :
Parte restante del título a world conservation atlas /
Mención de responsabilidad editado por Mark Collins.
260 ## - PUBLICACION, DISTRIBUCION, ETC. (PIE DE IMPRENTA)
Lugar de publicación, distribución, etc. Londres :
Nombre del editor, distribuidor, etc. The World Conservation Union,
Fecha de publicación, distribución, etc. 1995.
300 ## - DESCRIPCION FISICA
Extensión 200 páginas :
Otros detalles físicos ilustraciones a color y fotografías a color ;
Dimensiones 30 x 23 cm.
504 ## - NOTA DE BIBLIOGRAFIA, ETC.
Nota de bibliografía Incluye referencias bibliográficas e índice.
650 26 - ASIENTO SECUNDARIO DE MATERIA - TERMINO TEMATICO
Término temático o nombre geográfico como elemento de entrada Bosque húmedo
Subdivisión general ecología
9 (RLIN) 73593
650 26 - ASIENTO SECUNDARIO DE MATERIA - TERMINO TEMATICO
Término temático o nombre geográfico como elemento de entrada Bosque húmedo
Subdivisión general mapas
9 (RLIN) 73594
650 26 - ASIENTO SECUNDARIO DE MATERIA - TERMINO TEMATICO
Término temático o nombre geográfico como elemento de entrada Bosque húmedo
Subdivisión general conservación de montes
9 (RLIN) 73595
650 26 - ASIENTO SECUNDARIO DE MATERIA - TERMINO TEMATICO
Término temático o nombre geográfico como elemento de entrada Ecología humana
9 (RLIN) 73596
650 26 - ASIENTO SECUNDARIO DE MATERIA - TERMINO TEMATICO
Término temático o nombre geográfico como elemento de entrada Pueblos indígenas
9 (RLIN) 73597
700 1# - ASIENTO SECUNDARIO - NOMBRE PERSONAL
Nombre personal Collins, N. Mark.
Término de relación editor
9 (RLIN) 73598
942 ## - ELEMENTOS ADICIONALES (KOHA)
Sistema de clasificación Dewey Decimal Classification
Tipo de ítem Libro
Existencias
Withdrawn status Lost status Sistema de Clasificación Damaged status No para préstamo Colección Inventariado Ubicación Permanente Ubicación actual Fecha de adquisición Fuente de Valor Valor Total Checkouts Número topográfico Inventario / Código de Barras Date last seen Ejemplar Price effective from Forma de adquisición Tipo de material
    Dewey Decimal Classification     General Inventariado 2017 Bogotá Bogotá 09/08/1998 Instituto 39000.00   LB-577.34 L34r 001154 04/12/2012 Ej. 1 04/12/2012 Compra Libro